00927nam a2200253 a 4500001000900000005001700009008003900026020002800065020003500093040001800128050002500146100003200171245004900203260007400252300004900326440005300375500002100428500003500449504003200484610003800516650003600554650003600590650004700626BRCA_36120190320202956.0910819s1992 dcuab bc 001 0 eng a0824814371 (alk. paper) a0824814363 (pbk. : alk. paper) aDLCcDLCdDLC 4aNK4168.S4b.C67 19921 aCort, Louise Allisond1944-10aSeto and Mino CeramicscLouise Allison Cort. aWashington, D.C.bFreer Gallery of Art, Smithsonian Institutionc1992 a254 p.bil. (algunas a color), mapasc29 cm. 0aJapanese Collections in the Freer Gallery of Art aIncluye índice aDonación Fundación Japón aBibliografía: p. 230-232.24aFreer Gallery of ArtxCatálogos14aCerámica de SetoxCatálogos14aCerámica de MinoxCatálogos14aCerámicaxCatálogoszWashington (D.C.)